| 000 | 01842nam a2200253Ia 4500 | ||
|---|---|---|---|
| 999 |
_c51699 _d51699 |
||
| 001 | 18690 | ||
| 003 | GE_BSU | ||
| 005 | 20210412171312.0 | ||
| 008 | 181216s2015||||ge |||||||||||||| ||geo|| | ||
| 040 | _cGE_BSU | ||
| 041 | _ageo | ||
| 080 | _a58 გ-48 | ||
| 100 |
_aგიგოლაშვილი, სოფიო _911243 |
||
| 245 |
_aსამკურნალო მცენარეთა მავნებლები, უმთავრესი მათგანის გამოვლინება და ბრძოლის ღონისძიებების დამუშავება საქართველოში / _cსოფიო გიგოლაშვილი; სამეცნიერო ხელმძღვანელი გ. ალექსიძე. რ. ჯაბნიძე;ბათუმის შოთა რუსთაველის სახ-ფო უნ-ტი. ტექნოლ. ფაკ-ტი |
||
| 264 |
_aბათუმი, _c2015. |
||
| 300 |
_a151გვ. ; _b30 სმ. _e+1CD |
||
| 653 | _aბოტანიკა | ||
| 653 | _aდისერტაცია | ||
| 653 | _aსამკურნალო მცენარეთა მავნებლები, უმთავრესი მათგანის გამოვლინება და ბრძოლის ღონისძიებების დამუშავება საქართველოში. | ||
| 700 |
_aალექსიძე, გ. _eსამეცნიერო ხელმძღვანელი _911244 |
||
| 700 |
_aჯაბნიძე, რ. _eსამეცნიერო ხელმძღვანელი _91796 |
||
| 710 |
_aბსუ _bტექნოლოგიური ფაკულტეტი _911245 |
||
| 942 |
_cBK _2udc |
||